Vishwamurtivaibhawam/ (Record no. 67850)

000 -LEADER
fixed length control field 00446nam a22001577a 4500
082 ## - DEWEY DECIMAL CLASSIFICATION NUMBER
Classification number S 891.209 2
Item number VAI/V
245 ## - TITLE STATEMENT
Title Vishwamurtivaibhawam/
Statement of responsibility, etc by Vaidyanath Jha (ed.)
250 ## - EDITION STATEMENT
Edition statement 1st.
260 ## - PUBLICATION, DISTRIBUTION, ETC. (IMPRINT)
Place of publication Jammu:
Name of publisher Acharya Viswamurthi Sastri Abhinandan samaroh Samithi,
Year of publication 2015.
300 ## - PHYSICAL DESCRIPTION
Number of Pages 709p.
650 ## - SUBJECT ADDED ENTRY--TOPICAL TERM
Topical Term Biography Viswamurthy Sastry
650 ## - SUBJECT ADDED ENTRY--TOPICAL TERM
Topical Term Literature Sanskrit
650 ## - SUBJECT ADDED ENTRY--TOPICAL TERM
Topical Term Literature
700 ## - ADDED ENTRY--PERSONAL NAME
Personal name Vaidyanath Jha (ed.)
942 ## - ADDED ENTRY ELEMENTS (KOHA)
Koha item type Book
Holdings
Withdrawn status Lost status Damaged status Not for loan Permanent Location Current Location Shelving location Date acquired Cost, normal purchase price Full call number Accession Number Price effective from Koha item type
        Sree Sankaracharya University of Sanskrit Sree Sankaracharya University of Sanskrit Stacks 13.09.2017 1800.00 S 891.2092 VAI/V 085128 13.09.2017 Book